National accounts of Mauritius 2007
Guardado en:
| Formato: | Libro |
|---|---|
| Lenguaje: | inglés |
| Publicado: |
Port Louis
Central Statistics Office
2008
|
| Materias: | |
| Etiquetas: |
Sin Etiquetas, Sea el primero en etiquetar este registro!
|
MARC
| LEADER | 00000nam$a2200000$$$4500 | ||
|---|---|---|---|
| 001 | 0127754 | ||
| 005 | 20251201095254.2 | ||
| 041 | 0 | |a eng | |
| 044 | |a MU | ||
| 245 | 1 | 0 | |a National accounts of Mauritius 2007 |
| 264 | 1 | |a Port Louis |b Central Statistics Office |c 2008 | |
| 300 | |a 192 s. | ||
| 610 | 2 | 0 | |a účty národné |
| 610 | 2 | 0 | |a sektory hospodárske |
| 610 | 2 | 0 | |a dôchodok národný hrubý |
| 610 | 2 | 0 | |a kapitál fixný |
| 610 | 2 | 0 | |a obchod zahraničný |
| 610 | 2 | 0 | |a produkcia |
| 610 | 2 | 0 | |a Maurícius |